Export Ready — 

Too Much Writing, Too Few Scribes: Extra-Scribal Writing in the Late Bronze Age Mediterranean (1650-1100 BCE)

Saved in:

Other Authors: Donnelly, Cassandra M. (Editor)

Format: Book

Published: Oxford Archaeopress Publishing Ltd 2025

Tags: Add Tag

No Tags, Be the first to tag this record!

Call Number:

LEADER 00706namaa2200169 4500
001 9781803279954
003 UkOxAP
005 20260405155017.0
020 |a 9781803279961 
776 1 |x 9781803279954 
245 0 0 |a Too Much Writing, Too Few Scribes: Extra-Scribal Writing in the Late Bronze Age Mediterranean (1650-1100 BCE) 
100 1 |a Donnelly, Cassandra M.  |e Editor  |l English 
856 4 2 |a http://library.arce.org:8087/Archaeopress/Products/9781803279961 
260 |a Oxford  |b Archaeopress Publishing Ltd  |c 2025 
270 |a Archaeopress Publishing Ltd, Summertown Pavillion, 18 -24 Middle Way, Summertown  |b Oxford  |d United Kingdom  |e OX2 7LG  |k 44-1865-311914  |m info@archaeopress.com 
942 |2 lcc  |c EBOOK 
999 |c 62100  |d 62100